Statistics for Symbols #1

Click here to take the quiz!

General Stats

  • This quiz has been taken 26 times
  • The average score is 7 of 10

Answer Stats

HintAnswer% Correct
?Question Mark
92%
Trademark
92%
Euro
88%
©Copyright
84%
&Ampersand
76%
$Dollar Sign
76%
_Underscore
76%
!Exclamation Mark
68%
¥Yen
68%
¿Inverted Question Mark
16%

Score Distribution

Percentile by Number Answered

Percent of People with Each Score

Your Score History

You have not taken this quiz